Кестеновия човек (Запис номер 348919)
[ съкратено ]
| 000 -Лидер | |
|---|---|
| Контролно поле с фиксирана дължина | 01165aam a2200361 a 4500 |
| 003 - Код на организацията, давaща контролен номер | |
| Контролно поле | BLK |
| 005 - Дата и час на последна редакция | |
| Контролно поле | 20250801091139.0 |
| 008 - Елементи от данни с фиксирана дължина | |
| fixed length control field | 181011b bu ||||| |||| 00| 0 bu d |
| 020 ## - Международен стандартен номер на книга ISBN | |
| Международен стандартен номер на книга ISBN | 9789543574452 |
| 040 ## - Източник на каталожния запис | |
| Идентификатор на билиотеката - собственик на записа | BLK |
| 041 ## - Код за език | |
| Код за езика на текст/звукозапис или на отделно заглавие | Български |
| Код за езика КДБФ | Български |
| 080 ## - УДК | |
| Текстов определител УДК | Датска литература |
| УДК код - определител по УДК | 821.113.4 |
| УДК определител | -312.4 |
| УДК - код + определител | 821.113.4-312.4 |
| 100 ## - Редна дума - Автор | |
| Автор | Свайструп, Сьорен |
| R(LIN) | 402499 |
| 139 ## - Редно поле | |
| Редна дума | Свайструп, Сьорен |
| Авторски знак | Св - С 24 |
| 245 ## - Сведения за заглавието | |
| Заглавие | Кестеновия човек |
| Редно поле (дума) | Сьорен Свайструп; прев. от дат. Ева Кънева |
| 257 ## - Страна на издаване | |
| Страна на създаване/издаване | Дания |
| 260 ## - Област на издателските данни | |
| Име на издателя, разпространителя и проч. | ЕМАС |
| Година на издаване | 2020 |
| Място на издаване, разпространение и проч. | София |
| 9 (RLIN) | 210050 |
| 300 ## - Физическа характеристика | |
| Страници | 556 с. |
| Размери/Мащаб | 20 см |
| 380 ## - Жанр | |
| Жанр | Худож. лит. |
| 490 ## - СЕРИИ (Колекции) | |
| 9 (RLIN) | 203614 |
| Име на серия | Криминале |
| 500 ## - Общи забележки | |
| Забележка | Ориг. загл.: Kastanjemanden/ Soren Sveistrup |
| 700 ## - Други автори (авторска отговорност) | |
| 9 (RLIN) | 1064 |
| Лично име | Кънева, Ева Димитрова |
| Автороска отговорност (Описва отношението между автора и произведението) | прев. от дат. |
| 852 ## - Местоположение | |
| Форматна сигнатура | Цб 316304 |
| 856 ## - Електронен адрес и достъп | |
| Инструкция (цена за достъп) | 0.00 |
| Права за достъп | disable |
| 999 ## - СИСТЕМНИ КОНТРОЛНИ НОМЕРА | |
| Koha biblionumber | 348919 |
| Koha biblioitemnumber | 348919 |
| 942 ## - АРТИКУЛИ | |
| Вид на библиотечния материал | Книги |
| Източник на класификационната схема | Universal Decimal Classification |
| Скрит в OPAC | Не |
| Koha issues (borrowed), all copies | 120 |
| Периодичен библиозапис | Да |
| 999 ## - СИСТЕМНИ КОНТРОЛНИ НОМЕРА | |
| Koha biblioitemnumber | 348919 |
| 999 ## - СИСТЕМНИ КОНТРОЛНИ НОМЕРА | |
| Koha biblioitemnumber | 348919 |
| 999 ## - СИСТЕМНИ КОНТРОЛНИ НОМЕРА | |
| Koha biblioitemnumber | 325371 |
| 999 ## - СИСТЕМНИ КОНТРОЛНИ НОМЕРА | |
| Koha biblioitemnumber | 325371 |
| 999 ## - СИСТЕМНИ КОНТРОЛНИ НОМЕРА | |
| Koha biblioitemnumber | 325371 |
| 999 ## - СИСТЕМНИ КОНТРОЛНИ НОМЕРА | |
| Koha biblioitemnumber | 325371 |
| 944 ## - СЪЗДАВАНЕ И РЕДАКЦИЯ на ЗАПИСА | |
| Служител, извършил регистрацията/редакцията | 30545 |
| Статус, дата на статуса | Нора Радева |
| Код за отписване | Код за изгубен артикул | Източник на класификационната схема | Код за повреда | Код за отдаване | Артикулен № | Име на библиотеката - собственик | Име на библиотеката, в която се намира в момента | Статус (Текущо местоположение) | Дата на вписване в системата | Местоположение - отдел | Цена в лева | Систематично азбучна сигнатура | Баркод | Цена в евро | Служебен тип на артикула | Коз за рестрикции | Инвентарен номер |
|---|---|---|---|---|---|---|---|---|---|---|---|---|---|---|---|---|---|
| Не е изгубен | Universal Decimal Classification | Не е повреден | заемане за дома | 756203 | Регионална библиотека "Любен Каравелов" Русе | Регионална библиотека "Любен Каравелов" Русе | Заемна - подръчен фонд | 2020-03-06 | Заемна - подръчен фонд | 15.00 | 821/С 24 С | 120000843159 | 7.67 | Книги | |||
| Не е изгубен | Universal Decimal Classification | Не е повреден | заемане за дома | 756204 | Регионална библиотека "Любен Каравелов" Русе | Регионална библиотека "Любен Каравелов" Русе | Заемна - подръчен фонд | 2020-03-06 | Заемна - подръчен фонд | 15.00 | 821/С 24 С | 120000843160 | 7.67 | Книги | |||
| Не е изгубен | Universal Decimal Classification | Не е повреден | ползва се в читалня | 923814 | Регионална библиотека "Любен Каравелов" Русе | Регионална библиотека "Любен Каравелов" Русе | Хранилище | 2023-03-16 | Хранилище | 28.00 | Цб 316304 | 120000883062 | 14.32 | Книги | само за читалня | 120000883062 |